Online
Catalog
Normal view MARC view

Entry Nombre personal

Number of records used in: 3

001 - NÚMERO DE CONTROL

  • campo de control: 49358

003 - IDENTIFICADOR DEL NÚMERO DE CONTROL

  • campo de control: BNPHU

005 - FECHA Y HORA DE LA ÚLTIMA TRANSACCIÓN

  • campo de control: 20260302075941.0

008 - DATOS DE LONGITUD FIJA

  • campo de control de longitud fija: 200615|| aca||aabn | a|a d

040 ## - FUENTE DE LA CATALOGACIÓN

  • Centro catalogador/agencia de origen: DO-SdBNP
  • Lengua de catalogación: spa
  • Centro/agencia transcriptor: BNPHU

100 ## - ENCABEZAMIENTO-NOMBRE DE PERSONA

  • Nombre de persona: Acosta, Pilar

370 ## - LUGAR ASOCIADO

  • Lugar de nacimiento: Santo Domingo

372 ## - CAMPO DE ACTIVIDAD

  • Campo de actividad: Profesora

375 ## - GÉNERO/SEXO

  • Género/Sexo: Femenino

400 1# - TRAZADO DE VÉASE--NOMBRE DE PERSONA

  • Nombre de persona: A., Pilar,

670 ## - FUENTE DE DATOS ENCONTRADOS

  • Cita de la fuente: Work cat.: (OSt)23512: Acosta, Pilar, Salomé Ureña para jóvenes /, 2010.

670 ## - FUENTE DE DATOS ENCONTRADOS

  • Cita de la fuente: Acosta, Pilar (Profesor). Salomé Ureña para jóvenes, 2010:

Powered by Koha